000 00864nam a2200253Ia 4500
003 OSt
005 20220927110437.0
006 a|||||r|||| 00| 0
007 ta
008 220926b |||||||| |||| 00| 0 eng d
024 _a84178
037 _cReports
040 _aRTL
_cRTL
_beng
041 _2eng
_aeng
082 _a"X9(4):95.252.N48t, J0/GD"
110 _a"Uttar Pradesh, Government of..."
_9378309
111 _aNewspaper Industry Inquiry (Committee on...)(Chairman : Charan Singh) (1948 : Uttar Pradesh India)
_9378310
245 0 _aReport of the Newspaper Industry Inquiry Committee.
260 _aAllahabad
_bPrinting and Stationery India
_c1950
300 _a88p.
_ccm.
700 _a"Uttar Pradesh, Government of..."
_9378311
942 _h"X9(4):95.252.N48t, J0/GD"
_cCC
999 _c696727
_d696727